EA Sports NHL21 Top 50 NHL Players - Statistics

General Stats
  • This quiz has been taken 2,854 times
    2,381 since last reset
  • The average score is 36 of 50
Answer Stats
Overall Team Player % Correct
95 Edmonton Oilers Connor McDavid
99%
93 Pittsburgh Penguins Sidney Crosby
99%
93 Washington Capitals Alex Ovechkin
98%
92 Edmonton Oilers Leon Draisaitl
96%
92 Colorado Avalanche Nathan MacKinnon
96%
92 Tampa Bay Lightning Nikita Kucherov
93%
91 Boston Bruins Brad Marchand
92%
91 Chicago Blackhawks Patrick Kane
92%
90 Tampa Bay Lightning Steven Stamkos
92%
90 Toronto Maple Leafs Auston Matthews
91%
91 Pittsburgh Penguins Evgeni Malkin
90%
91 Tampa Bay Lightning Victor Hedman
88%
91 Boston Bruins Patrice Bergeron
87%
91 Tampa Bay Lightning Andrei Vasilevskiy
85%
91 Buffalo Sabres Jack Eichel
85%
91 New York Rangers Artemi Panarin
83%
90 Los Angeles Kings Anže Kopitar
82%
89 San Jose Sharks Erik Karlsson
82%
90 Toronto Maple Leafs Mitchell Marner
82%
90 Florida Panthers Aleksander Barkov
81%
91 Boston Bruins David Pastrňák
80%
89 Tampa Bay Lightning Brayden Point
77%
91 Los Angeles Kings Drew Doughty
75%
90 Nashville Predators Roman Josi
74%
90 Montreal Canadiens Carey Price
73%
91 Washington Capitals John Carlson
73%
90 Colorado Avalanche Mikko Rantanen
72%
91 Florida Panthers Jonathan Huberdeau
70%
88 Washington Capitals Nicklas Bäckström
70%
89 Vancouver Canucks Elias Pettersson
69%
89 Dallas Stars Tyler Seguin
69%
88 Carolina Hurricanes Sebastian Aho
68%
88 Vegas Golden Knights Mark Stone
66%
88 Philadelphia Flyers Claude Giroux
65%
89 Toronto Maple Leafs John Tavares
65%
88 Detroit Red Wings Dylan Larkin
64%
90 Boston Bruins Tuukka Rask
64%
88 Pittsburgh Penguins Kris Letang
61%
90 Winnipeg Jets Connor Hellebuyck
60%
90 Anaheim Ducks John Gibson
60%
89 St. Louis Blues Ryan O'Reilly
58%
88 Winnipeg Jets Blake Wheeler
57%
89 Winnipeg Jets Mark Scheifele
57%
88 Montreal Canadiens Shea Weber
56%
90 Vegas Golden Knights Alex Pietrangelo
53%
89 Washington Capitals Evgeny Kuznetsov
52%
89 St. Louis Blues Vladimir Tarasenko
52%
88 Philadelphia Flyers Sean Couturier
37%
89 Dallas Stars Ben Bishop
31%
88 Buffalo Sabres Taylor Hall
30%
No matching quizzes found
Score Distribution
Percent of People with Each Score
Percentile by Number Answered
Your Score History
You have not taken this quiz since the last reset